Expansion And Coexistence; (Record no. 12997)
[ view plain ]
| 000 -LEADER | |
|---|---|
| fixed length control field | 00974cam a22002651 4500 |
| 001 - CONTROL NUMBER | |
| control field | 4065782 |
| 005 - DATE AND TIME OF LATEST TRANSACTION | |
| control field | 19940715104910.8 |
| 008 - FIXED-LENGTH DATA ELEMENTS--GENERAL INFORMATION | |
| fixed length control field | 700820s1968 nyu b 000 0 eng |
| 010 ## - LIBRARY OF CONGRESS CONTROL NUMBER | |
| LC control number | 68011323 |
| 040 ## - CATALOGING SOURCE | |
| Original cataloging agency | DLC |
| Transcribing agency | DLC |
| Modifying agency | DLC |
| 043 ## - GEOGRAPHIC AREA CODE | |
| Geographic area code | e-ur--- |
| 050 00 - LIBRARY OF CONGRESS CALL NUMBER | |
| Classification number | DK266 |
| Item number | .U49 |
| 082 00 - DEWEY DECIMAL CLASSIFICATION NUMBER | |
| Classification number | 327.47 |
| Item number | ULA |
| 100 1# - MAIN ENTRY--PERSONAL NAME | |
| Personal name | Ulam, Adam Bruno, |
| Dates associated with a name | 1922- |
| 9 (RLIN) | 9705 |
| 245 10 - TITLE STATEMENT | |
| Title | Expansion And Coexistence; |
| Remainder of title | the history of Soviet foreign policy, 1917-67 |
| Statement of responsibility, etc | [by] Adam B. Ulman. |
| 260 ## - PUBLICATION, DISTRIBUTION, ETC. (IMPRINT) | |
| Place of publication, distribution, etc | New York, |
| Name of publisher, distributor, etc | Praeger |
| Date of publication, distribution, etc | [1968] |
| 300 ## - PHYSICAL DESCRIPTION | |
| Extent | viii, 775 p. |
| Dimensions | 24 cm. |
| 350 ## - PRICE (NR) (BK AM CF MU VM SE) [OBSOLETE] | |
| Price | 12.95 |
| 500 ## - GENERAL NOTE | |
| General note | Donated By Alaa AbdEl Ghany |
| 504 ## - BIBLIOGRAPHY, ETC. NOTE | |
| Bibliography, etc | Bibliographical footnotes. |
| 651 #0 - SUBJECT ADDED ENTRY--GEOGRAPHIC NAME | |
| Geographic name | Soviet Union |
| General subdivision | Foreign relations. |
| 9 (RLIN) | 9706 |
| 740 0# - ADDED ENTRY--UNCONTROLLED RELATED/ANALYTICAL TITLE | |
| Uncontrolled related/analytical title | History of Soviet foreign policy, 1917-67. |
| 942 ## - ADDED ENTRY ELEMENTS (KOHA) | |
| Source of classification or shelving scheme | Dewey Decimal Classification |
| Item type | Book - Borrowing |
| Withdrawn status | Item status | Source of classification or shelving scheme | Damaged status | Not for loan | Vendor | Home library | Current library | Shelving location | Date acquired | Source of acquisition | Total Checkouts | Full call number | Barcode | Date last seen | Koha item type | Public note |
|---|---|---|---|---|---|---|---|---|---|---|---|---|---|---|---|---|
| Dewey Decimal Classification | Central Library | Central Library | First floor | 07/12/2009 | Donation | 327.47 ULA | 000019154 | 15/07/2025 | Book - Borrowing | donated by Alaa AbdelGhaney |